000 00502nam a22001931a 4500
001 768
003 OSt
005 20260204211708.0
008 040114s1984||||dr ||||||b||||||||||spa||
050 _aRD 864 L773a
082 _a080.9 L773a
100 _aLlorens, Vicente
245 _aAntología de la poesía dominicana 1844-1944 / Vicente Llorens
250 _a2
264 _aSanto Domingo : S.D.B
300 _a348 p.
650 _aLiteratura Dominicana - Colecciones y EnsayosÌ
942 _2ddc
_cBK
999 _c768
_d768